The Environmental Impact Assessment (Scotland) Regulations 2010 (Record no. 110696)
[ view plain ]
| 000 -LEADER | |
|---|---|
| fixed length control field | 01585cad a22002535a 4500 |
| 001 - CONTROL NUMBER | |
| control field | E149994 |
| 008 - FIXED-LENGTH DATA ELEMENTS--GENERAL INFORMATION | |
| fixed length control field | 100521s2010 xxk f 000 0 eng d |
| 020 ## - INTERNATIONAL STANDARD BOOK NUMBER | |
| International Standard Book Number | 9780755993203 |
| 035 ## - SYSTEM CONTROL NUMBER | |
| System control number | (Sirsi) u149994 |
| 041 0# - LANGUAGE CODE | |
| Language code of text/sound track or separate title | eng |
| 110 2# - MAIN ENTRY--CORPORATE NAME | |
| Corporate name or jurisdiction name as entry element | Scotland |
| Subordinate unit | Scottish Government |
| 9 (RLIN) | 5344 |
| 245 04 - TITLE STATEMENT | |
| Title | The Environmental Impact Assessment (Scotland) Regulations 2010 |
| Remainder of title | consultation paper |
| Medium | [electronic resource] |
| 260 ## - PUBLICATION, DISTRIBUTION, ETC. | |
| Place of publication, distribution, etc. | Edinburgh |
| Name of publisher, distributor, etc. | Scottish Government |
| Date of publication, distribution, etc. | 2010 |
| 505 2# - FORMATTED CONTENTS NOTE | |
| Formatted contents note | Introduction and context -- Proposed amendments to regulations, recent case law -- Proposed amendments to regulations, miscellaneous changes -- Annex A, changes or extensions to existing development -- Annex B, reasons for negative screening decisions -- Annex C, multi-stage consents -- Annex D, multi stage consents (permitted development) -- Annex E, (draft) business and regulatory impact assessment -- Annex F, partial equalities impact assessment |
| 520 ## - SUMMARY, ETC. | |
| Summary, etc. | Sets out proposals for consolidating and updating Part II of The Environmental Impact Assessment (Scotland) Regulations 1999, which apply the EIA Directive to the Scottish planning system. Deadline for comments is 27 August 2010. |
| 521 ## - TARGET AUDIENCE NOTE | |
| Target audience note | Advanced |
| 590 ## - LOCAL NOTE (RLIN) | |
| Local note | KA |
| 650 24 - SUBJECT ADDED ENTRY--TOPICAL TERM | |
| Topical term or geographic name entry element | ENVIRONMENTAL IMPACT ASSESSMENT (SCOTLAND) REGULATIONS 1999 |
| 650 24 - SUBJECT ADDED ENTRY--TOPICAL TERM | |
| Topical term or geographic name entry element | ENVIRONMENTAL IMPACT ASSESSMENT (SCOTLAND) REGULATIONS 2010 |
| 651 #4 - SUBJECT ADDED ENTRY--GEOGRAPHIC NAME | |
| Geographic name | Scotland |
| Chronological subdivision | 1999- |
| 690 ## - LOCAL SUBJECT ADDED ENTRY--TOPICAL TERM (OCLC, RLIN) | |
| Topical term or geographic name as entry element | Planning and development |
| 9 (RLIN) | 6259 |
| 856 40 - ELECTRONIC LOCATION AND ACCESS | |
| Uniform Resource Identifier | <a href="https://www.scotland.gov.uk/Publications/2010/05/20153045/0">https://www.scotland.gov.uk/Publications/2010/05/20153045/0</a> |
| Public note | View the consultation free of charge at www.scotland.gov.uk |
| 942 ## - ADDED ENTRY ELEMENTS (KOHA) | |
| Suppress in OPAC | 0 |
| Withdrawn status | Lost status | Source of classification or shelving scheme | Damaged status | Not for loan | Home library | Current library | Shelving location | Date acquired | Total Checkouts | Full call number | Barcode | Date last seen | Copy number | Price effective from | Koha item type |
|---|---|---|---|---|---|---|---|---|---|---|---|---|---|---|---|
| Dewey Decimal Classification | Virtual | Virtual | Online | 21/05/2010 | ONLINE PUBLICATION | 149994-2001 | 06/08/2019 | 1 | 06/08/2019 | Book |